| 000 | 01651nam a2200385 i 4500 | ||
|---|---|---|---|
| 001 | bg | ||
| 100 | 1 | _aJurga, Andrzej. | |
| 245 | 1 | 0 |
_aRoboty wykończeniowe. _nZ. 11, _pSzlabany z napędem elektromechanicznym i urządzeniami sterującymi / _cInstytut Techniki Budowlanej ; [aut.: Andrzej Jurga, Krzysztof Wienskowski ; oprac. red. Michał Gajownik]. |
| 246 | 1 | 0 | _aSzlabany z napędem elektromechanicznym i urządzeniami sterującymi |
| 260 |
_aWarszawa : _bInstytut Techniki Budowlanej, _c2010. |
||
| 300 |
_a29 s. : _bil. ; _c24 cm. |
||
| 490 | 1 |
_aInstrukcje, Wytyczne, Poradniki / Instytut Techniki Budowlanej ; _aWarunki Techniczne Wykonania i Odbioru Robót Budowlanych ; _v454/2010 _vcz. B |
|
| 490 | 1 |
_aWarunki Techniczne Wykonania i Odbioru Robót Budowlanych ; _vcz. B |
|
| 504 | _aBibliogr. s. 17. | ||
| 650 | 9 |
_aBrama _xmontaż |
|
| 650 | 9 |
_aMaszyny _xnormalizacja _zPolska |
|
| 650 | 9 | _aNapęd elektryczny | |
| 655 | _aInstrukcje | ||
| 700 | 1 | _aWienskowski, Krzysztof. | |
| 700 | 1 |
_aGajownik, Michał. _eRed. |
|
| 710 | 2 | _aInstytut Techniki Budowlanej | |
| 830 | 0 |
_aInstrukcje, Wytyczne, Poradniki - Instytut Techniki Budowlanej _v454/2010 |
|
| 830 | _aWarunki Techniczne Wykonania i Odbioru Robót Budowlanych ; | ||
| 020 | _a8373706607 (całość) | ||
| 020 | _a9878324926459 (zesz. 11) | ||
| 040 | _cBPK | ||
| 041 | 0 | _apol | |
| 044 | _aPOL | ||
| 080 | _a692.8:681.5:62-83](438)(083.1) | ||
| 920 | _a83-7370-660-7 (całość) | ||
| 920 | _a978-83-249-2645-9 (zesz. 11) | ||
| 942 | _cKS | ||
| 008 | 100529s2010 pl |000 0 pol | ||
| 999 |
_c49844 _d49844 |
||
| 856 |
_uhttp://koha.tu.koszalin.pl/cgi-bin/koha/opac-detail.pl?biblionumber=49844 _yKatalog online BPK |
||